000 00423nam a22001697a 4500
003 OSt
005 20240213101533.0
008 231107b |||||||| |||| 00| 0 eng d
020 _a9780198077022
040 _cIIMT ENGINEERING COLLEGE
100 _aJoshi Rakesh Mohan
245 _aInternational Marketing
250 _a2nd
300 _a751
440 _aInternational Marketing
_x9780198077022
942 _2ddc
_c03
_e2nd
999 _c57651
_d57651